000 00755na a2200265 4500
001 21048
003 MIRAKIL
005 20181213154810.0
008 170130b tu 000 0
035 _a21048
040 _aMilas
_btur
_cTR-AnCHP
041 _atur
082 _a324.2383
_bY86 [2002]
090 _a324.2383 Y86 [2002]
110 _aYurt Partisi (YP)
245 _aYurt Partisi tüzüğü
_cYurt Partisi
260 _aAnkara
_bYurt Partisi
_c[2002]
300 _a56 s.
_c16 sm.
610 _aYurt Partisi (YP)
_xPropaganda ve ideolojiler
610 _aYurt Partisi
_xTüzükler, 2002
650 _aSiyasal partiler
_xParti türleri
_yMilliyetçi partiler
_zTürkiye
710 _aYurt Partisi (YP)
830 _aYP
942 _2ddc
_cBKS
999 _c1047
_d1047